000 00307nam a22001337a 4500
008 170526b xxu||||| |||| 00| 0 eng d
020 _a3802512391
041 _ager
080 _a621.38
100 _a27
101 _aIM
245 _aEINFUHRUNG IN DIE MIKROPORZESSOR-ANWENDUNG
_cPUTZ,J
942 _2udc
_cBK
999 _c14532
_d14532